000 00863nam a2200205 a 4500
003 0
005 20250609090934.0
008 030604s19uu xx 00 eng d
050 _aPHS HV 6025
_b.P53 2001
100 _aPiad, Rexianne Caroline M.
245 _aA Study on the relationship of heinous crime and certain variables/ characteristics of convicted criminals who are incarcerated at the National Bureau of Corrections /
_cRexianne Caroline M. Piad.
260 _aLas PiƱas City, Philippines :
_bSouthville International School and Colleges,
_c2001.
300 _a116 pages :
_billustrations ;
_c28 cm.
504 _aIncludes bibliographical references.
650 _aCriminal behavior
_zPhilippines.
650 _aCrime and criminals
_zPhilippines.
650 _aViolent crimes
_zPhilippines.
650 _aCorrections
_zPhilippines.
942 _2lcc
_cPASS
999 _c96445
_d96445